Subliminal Seduction. (Record no. 349139)
[ view plain ]
| 000 -LEADER | |
|---|---|
| fixed length control field | 00332 a2200133 4500 |
| 082 ## - DEWEY DECIMAL CLASSIFICATION NUMBER | |
| Classification number | 659.1 |
| 090 ## - LOCALLY ASSIGNED LC-TYPE CALL NUMBER (OCLC); LOCAL CALL NUMBER (RLIN) | |
| -- | 6797 |
| -- | 6797 |
| 100 ## - MAIN ENTRY--PERSONAL NAME | |
| Personal name | Key,Wilson Bryan |
| 245 ## - TITLE STATEMENT | |
| Title | Subliminal Seduction. |
| Statement of responsibility, etc. | Wilson Bryan Key |
| 260 ## - PUBLICATION, DISTRIBUTION, ETC. | |
| Place of publication, distribution, etc. | America |
| Name of publisher, distributor, etc. | New American Library |
| Date of publication, distribution, etc. | 1972 |
| 300 ## - PHYSICAL DESCRIPTION | |
| Extent | 205p. |
| 500 ## - GENERAL NOTE | |
| General note | Paper cover |
| 942 ## - ADDED ENTRY ELEMENTS (KOHA) | |
| Institution code [OBSOLETE] | NBS |
| Koha item type | Book |
| Call number prefix | 659.1 KEY |
| Withdrawn status | Lost status | Damaged status | Not for loan | Permanent Location | Current Location | Date acquired | Total Checkouts | Full call number | Barcode | Date last seen | Date last checked out | Price effective from | Koha item type |
|---|---|---|---|---|---|---|---|---|---|---|---|---|---|
| Central Library (CL) | Central Library (CL) | 08/28/2013 | 1 | 659.1 KEY | NBS8916 | 10/31/2024 | 09/27/2016 | 08/28/2013 | Book |
